000 00513nam a2200181Ia 4500
999 _c14166
_d14166
003 OSt
005 20201027094225.0
008 190216s9999||||xx |||||||||||||| ||und||
020 _a0706432738
040 _coclc
082 _a823
_bBLU/N
100 _aJudy, Blume
_95493
245 0 _aNursing Stories /
_cJudy Blume ; James Herriot
260 _bOctopus Books Publications,
_c1979.
_alondon:
300 _a268p
650 _aEnglish General
942 _cBK
_2ddc
_h823
_iBLU/N
_k823
_mBLU/N